Introduction to documentary
Saved in:
| Main Author: | |
|---|---|
| Format: | Book |
| Language: | English |
| Published: |
Bloomington :
Indiana University Press,
2010
|
| Edition: | 2η έκδ. |
| Subjects: | |
| Tags: |
Add Tag
No Tags, Be the first to tag this record!
|
MARC
| LEADER | 00000nam a2200000 i 4500 | ||
|---|---|---|---|
| 001 | 1/51316 | ||
| 008 | 140708s2010 eng d | ||
| 020 | |a 978-0-253-22260-2 | ||
| 035 | |l 10118309 | ||
| 040 | |a GR-MY-UA |b gre |e aacr | ||
| 041 | 0 | |a eng | |
| 082 | 0 | |a 791.436 |2 (23) | |
| 100 | 1 | |a Nichols, Bill. | |
| 245 | 1 | 0 | |a Introduction to documentary / |c Bill Nichols |
| 250 | |a 2η έκδ. | ||
| 260 | |a Bloomington : |b Indiana University Press, |c 2010 | ||
| 300 | |a xviii,341 σ.; |c 24 εκ. | ||
| 504 | |a Περιλαμβάνει βιβλιογραφικές αναφορές (σ. [339]-343) και ευρετήριο | ||
| 650 | 0 | 0 | |a Documentary films |x Production and direction. |
| 650 | 0 | 0 | |a Documentary films |x History and criticism. |
| 852 | |a INST |b LESVOS |e 20140708 |h 791.436 NIC |p 005100054527 |q 005100054527 |t BK |y 0 | ||
| 901 | |a BIBL1-2014-2 | ||
| 909 | |a Λ |b 189447 | ||
| 922 | |a 1ΕΛΗ |b 201406 |c ΤΠΤΕ |d ΔΙΑΔΡΟΜΕΣ | ||
| 970 | |a ΤΖΑΦΕΡΗ |b ΕΥΑΓΓΕΛΙΑ |z 2014/07/08 | ||